| 000 | 03010na a2200289 4500 | ||
|---|---|---|---|
| 001 | 22648 | ||
| 003 | MIRAKIL | ||
| 005 | 20181213155159.0 | ||
| 008 | 170221b tu 000 0 | ||
| 040 |
_aMilas _btur _cTR-AnCHP |
||
| 041 | _atur | ||
| 082 |
_aSODEP 324.172 _bS62 [1984-85] |
||
| 090 | _aSODEP 324.172 S62 [1984-85] | ||
| 110 | _aSosyal Demokrasi Partisi (SODEP) | ||
| 245 |
_a[SODEP'in çeşitli rapor ve yayınları] _cSODEP |
||
| 260 |
_aAnkara _bSODEP _c[1984-1985] |
||
| 300 |
_ac. _c30 |
||
| 440 | _aSODEP yayınları | ||
| 505 | _aGenel Başkan Erdal İnönü'nün MKYK toplantısında sunduğu rapor (20 temmuz 1984) - SODEP Haber Bülteni (sayı 3, 8 Mayıs 1984) - Sağlık sorunları komisyonu raporu/ Türkan Akyol - Sosyal Demokrasi Partisi disiplin yönetmeliği -- Sosyal Demokrasi Partisi Genel başkanı Erdal İnönü'nün 6 haziran 1984 birinci kuruluş yıldönümü nedeniyle yaptığı basın toplantısı -- Sosyal Demokrasi Partisi Genel başkanı Erdal İnönü'nün birinci büyük kongre açış konuşması (6 Temmuz 1984) -- Sosyal Demokrasi Partisi Hadımköy belediyesi başkan adayı Özcan Taçkınbaş - Sayın Başbakanın faiz oranları, devalüasyon ve enflasyon konusundaki son beyanları üzerine SODEP Genel Merkezinden yapılan açıklama (22 Ağustos 1984) - [Pertek SODEP ilçe başkanı Oğuz Dilek'in SODEP Başkanına mektubu (20 Ekim 1984)] - SODEP Haber Bülteni SODEP Genel Merkezinden yapılan açıklama - Dalokay mimarlık atölyesi -- Sosyal Demokrasi Partisinin genel ekonomik sorunlara bakışı (19 Şubat 1984) -- SODEP Genel başkanı Erdal İnönü'nün 12 Nisan 1985 günü ikinci küçük kongre açış konuşması -- -- Sosyal Demokrasi Partisi ikinci küçük kurultayında kabul olunan öncelikler bildirgesi (14 Nisan 1985) -- Başbakan Sayın Turgut Özal'a mektup (10 mayıs 1985) - Yeni büyüme stratejisi - Diş sağlı- diş hekimliği sorunları - SODEP ekonomik sorunlar komisyonu rapor-taslak- (Oca 1985) - İç siyasal komisyonu af politikasına ilişkin raporu - Bütünleşme ve ilk hedefler çağrısı (12 Ağustos 1985) - SODEP örgüt yöneticilerinin eğilimleri anketi -- Sosyal Demokrasi Partisi tüzük (1983) - Türkiye'de yabancıların taşımaz edinmeleri konusu ve Sosyal Demokrasi Partisinin soruna yaklaşımı - Sosyal güvenlik sorunları komisyonu raporu - Sosyal Demokrasi partisinin sosyal politikası hakkında sosyal politika komisyonunun-işçi-memur- sorunları komisyonu (Kasım 1984) SODEP seçim bildirgesi (25 Mart 1984 yerel seçimleri) - SODEP 1984 yılı yerel seçimlerin sayısal dökümü - Kültür ve Sanat Komisyonunca sunulan rapor (Ocak 1985) - SODEP haber bülteni : Üniversitelerde eğitim düzeyi sürekli düşürülüyor (4 Temmuz 1984) | ||
| 610 |
_aSODEP _xKomisyon raporları |
||
| 610 |
_aSODEP _xProgramlar |
||
| 610 |
_aSODEP _xRaporlar |
||
| 610 |
_aSODEP _xTüzük ve yönetmelikler |
||
| 710 | _aSODEP | ||
| 942 |
_2dcc _cBKS |
||
| 999 |
_c8093 _d8093 |
||